| 000 | 00427nam a22001577a 4500 | ||
|---|---|---|---|
| 008 | 230616b |||||||| |||| 00| 0 eng d | ||
| 040 |
_aNational Science Library _cNational Science Library |
||
| 080 |
_a621.7(02) _bJ9.1 |
||
| 100 | _aRider, H G | ||
| 245 | _aWorkshop engineering | ||
| 260 |
_aLondon: _bIliffe & Sons Ltd., _c1959 |
||
| 300 | _a145p. | ||
| 650 | _aEngineering | ||
| 653 | _aShearing | ||
| 942 |
_2udc _cBK |
||
| 999 |
_c44207 _d44207 |
||